000 00651nam a2200229Ia 4500
005 20250326144200.0
008 250326s9999 xx 000 0 und d
020 _a978-0-07-110109-7
037 _aTextbook
040 _aFMSL
_beng
_cFMSL
041 _aeng
_2eng
084 _aX:51y7 P8
_qFMSL
100 _aMullins J W
_9749202
245 0 _aMarketing mangement: strategic decision making approach
_cMullins J W; Walker O C And Others
250 _a6
260 _aNY
_bNY, McGraw-Hill
_c2007
300 _a533p
365 _b6660.8999999999996
650 _aMarketing
942 _cTB
_hX:51y7 P8
999 _c1302692
_d1302692